000 00323 a2200157 4500
001 179119
020 _a
040 _cMagnum
100 _aAlmeida, Fernanda Lopes de
240 1 0 _aO equilibrista
_lpor
245 1 0 _aO equilibrista
362 0 _a1899
440 1 _aÁtica
697 _aMAGNITO: I/GERAL
942 _cBK
999 _c179119
_d179119